Visión prospectiva y estratégica consejo comunitario de Alto y Medio Dagua (Registro nro. 20737)
[ vista simple ]
| 000 -CABECERA | |
|---|---|
| Campo de control | 01739nam a22002417a 4500 |
| 005 - FECHA Y HORA DE LA ULTIMA TRANSACCION | |
| Campo de control | 20200127131112.0 |
| 008 - ELEMENTOS DE LONGITUD FIJA—INFORMACION GENERAL | |
| Campo de control | 200127b xxu||||| |||| 00| 0 spa d |
| 040 ## - FUENTE DE CATALOGACIÓN | |
| Agencia catalogadora original | CO-BoIAVH |
| Agencia transcriptora | CO-BoIAVH |
| 041 ## - IDIOMA | |
| Código de idioma para texto/pista de sonido o título separado | Español |
| 044 ## - PAÍS DE PUBLICACIÓN | |
| País de publicación | Colombia |
| 110 ## - ASIENTO PRINCIPAL--NOMBRE CORPORATIVO | |
| 9 (RLIN) | 102376 |
| Nombre corporativo o de jurisdicción como elemento de entrada | CC-AMDA Consejo Comunitario de Alto y Medio Dagua |
| 245 ## - MENCION DE TITULO | |
| Título | Visión prospectiva y estratégica consejo comunitario de Alto y Medio Dagua |
| Mención de responsabilidad | CC-AMDA Consejo Comunitario de Alto y Medio Dagua, apoyo técnico Fundación FUNDAPAV |
| 260 ## - PUBLICACION, DISTRIBUCION, ETC. (PIE DE IMPRENTA) | |
| Lugar de publicación, distribución, etc. | s.l, |
| Nombre del editor, distribuidor, etc. | CC-AMDA Consejo Comunitario de Alto y Medio Dagua |
| Fecha de publicación, distribución, etc. | s.f |
| 300 ## - DESCRIPCION FISICA | |
| Extensión | 43 páginas, |
| Otros detalles físicos | Fotografías y formas a color |
| Dimensiones | 21 x 28 cm |
| 500 ## - NOTA GENERAL | |
| Nota general | Proyecto caracterización y ordenamiento ambiental del territorio del Consejo Comunitario de Alto y Medio Dagua en el marco del Proyecto Doble calzada Buga - Buenaventura (Tramos I, II, y III - km.27 + 200 al km.49) |
| 505 ## - NOTA DE CONTENIDO | |
| Nota de contenido | Este documento pretende difundir ampliamente y potencializar el conocimiento, los sueños y estrategias que diseñaron las familias de las comunidades de La Delfina, El Salto, Triana, km 40, Bendiciones y Zaragoza que conforman el Consejo Comunitario de Alto y Medio Dagua.<br/>Como tal, aquí se expresa la situación actual del Consejo Comunitario en los aspectos ambientales, económicos, sociales, políticos y cultural-espirituales. También permite conocer las aspiraciones profundas de los 2.80 pobladores y el camino que se trazaron durante los años 2010 - 2011 para cristalizarlas. |
| 650 #0 - ASIENTO SECUNDARIO DE MATERIA - TERMINO TEMATICO | |
| 9 (RLIN) | 97742 |
| Término temático o nombre geográfico como elemento de entrada | Programas de mejoramiento |
| 650 #0 - ASIENTO SECUNDARIO DE MATERIA - TERMINO TEMATICO | |
| 9 (RLIN) | 65405 |
| Término temático o nombre geográfico como elemento de entrada | Prospección |
| 650 #0 - ASIENTO SECUNDARIO DE MATERIA - TERMINO TEMATICO | |
| 9 (RLIN) | 97734 |
| Término temático o nombre geográfico como elemento de entrada | Aspectos sociales |
| 650 #0 - ASIENTO SECUNDARIO DE MATERIA - TERMINO TEMATICO | |
| 9 (RLIN) | 6948 |
| Término temático o nombre geográfico como elemento de entrada | Comunidades negras |
| Subdivisión geográfica | Municipio de Buenaventura |
| 710 ## - ASIENTO SECUNDARIO - NOMBRE CORPORATIVO | |
| 9 (RLIN) | 102361 |
| Nombre corporativo o de jurisdicción como elemento de entrada | Fundación FUNDAPAV |
| Término de relación | Apoyo técnico |
| 942 ## - ELEMENTOS ADICIONALES (KOHA) | |
| Sistema de clasificación | Dewey Decimal Classification |
| Tipo de ítem | Folleto |
| Withdrawn status | Lost status | Sistema de Clasificación | Damaged status | No para préstamo | Colección | Ubicación Permanente | Ubicación actual | Fecha de adquisición | Total Checkouts | Número topográfico | Inventario / Código de Barras | Date last seen | Ejemplar | Price effective from | Forma de adquisición | Tipo de material |
|---|---|---|---|---|---|---|---|---|---|---|---|---|---|---|---|---|
| Dewey Decimal Classification | Hemeroteca | Bogotá | Bogotá | 27/01/2020 | FG-0388 | 034504 | 27/01/2020 | Ej. 1 | 27/01/2020 | Donación | Folleto | |||||
| Dewey Decimal Classification | Hemeroteca | Bogotá | Bogotá | 27/01/2020 | FG-0388 | 034505 | 27/01/2020 | Ej. 2 | 27/01/2020 | Donación | Folleto |